LEADER 01017nam0-22003371i-450 001 990001814280403321 005 20210407121956.0 010 $a9252034153 010 $a1014-2908 035 $a000181428 035 $aFED01000181428 035 $a(Aleph)000181428FED01 035 $a000181428 100 $a20030910d1997----km-y0itay50------ba 101 0 $afre 102 $aIT 105 $af p 001yy 200 1 $aManuels sur le contro?le de la qualite? des produits alimentaires$e15. inspection des denrées alimentaires importeées$fFAO 210 $aRoma$cFAO$d1997 215 $aVIII, 84 p.$ctab$d30 cm 225 1 $aÉtude FAO: alimentation et nutrition$v014/15 610 0 $aAlimenti 676 $a664.07$v23$zita 710 02$aFAO$017670 801 0$aIT$bUNINA$gRICA$2UNIMARC 901 $aBK 912 $a990001814280403321 952 $a60 COLL. FAO 01/014 15$fFAGBC 959 $aFAGBC 996 $aManuels sur le controle de la qualité des produits alimentaires$9410298 997 $aUNINA